The Chartered Surveyor (Record no. 118979)

MARC details
000 -LEADER
fixed length control field 00840cas a22002295a 4500
001 - CONTROL NUMBER
control field L138371
008 - FIXED-LENGTH DATA ELEMENTS--GENERAL INFORMATION
fixed length control field 070601d19551982xxkmr p 0 a0eng u
035 ## - SYSTEM CONTROL NUMBER
System control number (Sirsi) u138371
041 0# - LANGUAGE CODE
Language code of text/sound track or separate title eng
110 2# - MAIN ENTRY--CORPORATE NAME
Corporate name or jurisdiction name as entry element Royal Institution of Chartered Surveyors
9 (RLIN) 4900
245 04 - TITLE STATEMENT
Title The Chartered Surveyor
260 ## - PUBLICATION, DISTRIBUTION, ETC.
Place of publication, distribution, etc. London
Name of publisher, distributor, etc. RICS
Date of publication, distribution, etc. 1955-1982
362 0# - DATES OF PUBLICATION AND/OR SEQUENTIAL DESIGNATION
Dates of publication and/or sequential designation London: 88(1) July 1955-115(2) September 1982
362 0# - DATES OF PUBLICATION AND/OR SEQUENTIAL DESIGNATION
Dates of publication and/or sequential designation Edinburgh: 88(1) July 1955-115 1981
520 ## - SUMMARY, ETC.
Summary, etc. Between 1973 and 1978, the journal included a quarterly supplement for the Urban, Rural, Land Hydrographic and Minerals, and Building and Quantity Surveying Divisions.
554 ## -
-- 12 per year
651 #4 - SUBJECT ADDED ENTRY--GEOGRAPHIC NAME
Geographic name UNITED KINGDOM
690 ## - LOCAL SUBJECT ADDED ENTRY--TOPICAL TERM (OCLC, RLIN)
Topical term or geographic name as entry element ABOUT RICS
780 00 - PRECEDING ENTRY
Title Journal of the Royal Institution of Chartered Surveyors
785 00 - SUCCEEDING ENTRY
Title Chartered Surveyor Weekly
942 ## - ADDED ENTRY ELEMENTS (KOHA)
Suppress in OPAC 0
Holdings
Withdrawn status Lost status Source of classification or shelving scheme Damaged status Not for loan Home library Current library Shelving location Date acquired Total Checkouts Full call number Barcode Date last seen Price effective from Koha item type
    Dewey Decimal Classification     London London Enquiry desk 01/06/2007   RICS BUSINESS 138371-1001 06/08/2019 06/08/2019 Journal
    Dewey Decimal Classification     London London Basement 13/08/2007   RICS BUSINESS 138371-1002 06/08/2019 06/08/2019 Journal